Arte antiguo: próximo oriente, Grecia y Roma

Shranjeno v:
Bibliografske podrobnosti
Main Authors: Pitarch, Antonio José (Author), Dalmases, Núria de (Author), Ibarburu, María Eugenia (Author), Terés, María Rosa (Author), Serra, Ramon (Author)
Format: Knjiga
Jezik:španščina
Izdano: Barcelona Gustavo Gili 1982
Serija:Fuentes y Documentos para la Historia del Arte, 1
Teme:
Oznake: Označite
Brez oznak, prvi označite!

MARC

LEADER 00000nam a2200000 a 4500
001 UCP9807
003 CL-VaPUC
008 000407e19820000SP |||||||||||||||||spa|d
082 0 4 |a 709.014  |b PIT  |2 21 
100 0 |a Pitarch, Antonio José  |e author  |9 440643 
700 0 |a Dalmases, Núria de  |e author  |9 440644 
700 0 |a Ibarburu, María Eugenia  |e author  |9 440645 
700 0 |a Terés, María Rosa  |e author  |9 440646 
700 0 |a Serra, Ramon  |e author  |9 440647 
245 1 0 |a Arte antiguo: próximo oriente, Grecia y Roma 
300 |a 453 p 
942 |c BK 
945 |d 20000407 00:00:00  |a crobeson 
260 |a Barcelona  |b Gustavo Gili  |c 1982 
600 0 |a Homero   |e autor  |9 265577 
600 0 7 |a HESIODO  |2 CL-VaPUC  |9 334567 
600 0 7 |a EURIPIDES  |2 CL-VaPUC  |9 269419 
600 0 7 |a CALIMACO  |2 CL-VaPUC  |9 440648 
600 0 7 |a VIRGILIO  |2 CL-VaPUC  |9 266332 
600 0 |a Ovidio Nasón, Publio,  |d  43 A.C.-17 D.C.  |9 440649 
600 0 7 |a TITO LIVIO  |2 CL-VaPUC  |9 402587 
600 0 7 |a PSEUDO CALISTENES  |2 CL-VaPUC  |9 440650 
600 0 7 |a PLATON  |2 CL-VaPUC  |9 222 
600 0 |a Aristóteles,  |d 384 a.C.- 322 a.C.  |9 194 
600 0 |a Cicerón, Marco Tulio  |e autor  |9 255203 
600 0 |a Séneca, Lucio Anneo  |9 313328 
600 0 7 |a VITRUVIO POLION, MARCO LUCIO  |2 CL-VaPUC  |9 440651 
650 0 |a Historia del arte  |9 314877 
650 0 |a Arte antiguo  |9 330766 
650 0 |a Arte asirio babilónico   |9 329934 
650 7 |a HITITAS  |2 CL-VaPUC  |9 267922 
650 0 |a Arte egipcio  |9 268997 
650 0 |a Arte griego  |9 267884 
650 0 |a Arte romano  |9 267838 
650 0 |a Teoría del arte  |9 387638 
650 0 |a Filosofía griega  |9 265579 
650 7 |a LITERATURA GRIEGA  |2 CL-VaPUC  |9 258054 
650 0 |a Literatura latina   |9 258055 
583 |a last modification  |c 20000407 00:00:00  |k Rodrigo Vera 
490 0 |a Fuentes y Documentos para la Historia del Arte, 1 
999 |c 286589  |d 286587 
952 |0 0  |1 0  |4 0  |6 709_014000000000000_PIT_1982  |7 0  |8 X  |9 332608  |a BIBHIS  |b BIBHIS  |d 2019-11-20  |i 1398164  |l 2  |o 709.014 PIT 1982  |p 1398164  |r 2025-01-08  |s 2025-01-08  |w 2019-11-20  |y BK_X  |k HIS 
952 |0 0  |1 0  |4 0  |6 709_014000000000000_PIT_1982  |7 0  |8 P  |9 332609  |a BIBEDU  |b BIBEDU  |c BIBEDU_PB  |d 2019-11-20  |i 4740254  |o 709.014 PIT 1982  |p 4740254  |r 2024-01-25  |w 2019-11-20  |y BK  |k FIL